000 00576nam a2200229Ia 4500
003 OSt
005 20221005131841.0
006 a|||||r|||| 00| 0
007 ta
008 221004b |||||||| |||| 00| 0 mal d
024 _a59085
037 _cTextual
040 _aCRL
_cCRL
_bmal
041 _2mal
_amal
082 _aW:5, 32K0
100 _aRadhakrishnan Au.
_9625636
245 0 _aSwathanthri yavum samskaravum
260 _c1960
650 _aPOLITICAL SCIENCE
942 _hW:5, 32K0
_cTEXL
_2cc
999 _c1061638
_d1061638